000 00722naa a22002537a 4500
001 BR8706876
003 BR-BrBNA
005 20250721154530.0
007 ta
008 250630b bl.|||m| |||| 00| 0 por d
040 _aBR-BrBNA
_bpor
_cBiblioteca Nacional de Agricultura
041 _a(Pt)
072 _aN10
090 _aN10 BR8706876
100 1 _aAnon.
245 1 _aRefrigerador para carnes
500 _aVoce sabia que... Rio de Janeiro, RJ (Brasil): 1979. p. 12-13 (BR8706876-AMS)
650 _aIMPLEMENTO AGRICOLA
650 _aREFRIGERACAO
650 _aPRESERVACAO DE ALIMENTO
490 _aCada Cabeca e um Mundo (Brazil)
_vno. 5
942 _cAMS
_2AGRIS
909 _a202506
_bLúcia
_c55
_dLúcia Elande
999 _c335426
_d335426